书目信息 |
| 题名: |
地方演艺团体运营管理研究
|
|
| 作者: | 车万里 著 | |
| 分册: | ||
| 出版信息: | 北京 航空工业出版社 2017 |
|
| 页数: | 165页 | |
| 开本: | 24cm | |
| 丛书名: | ||
| 单 册: | ||
| 中图分类: | J124-2 | |
| 科图分类: | ||
| 主题词: | 艺术表演团体--运营管理--研究--中国 | |
| 电子资源: | ||
| ISBN: | 978-7-5165-1397-2 | |
| 000 | 00859nam0 2200229 45 | |
| 001 | 012001008108 | |
| 005 | 20131022102908.0 | |
| 010 | @a978-7-5165-1397-2@dCNY46.00 | |
| 100 | @a20190220d2017 em y0chiy50 ea | |
| 101 | 0 | @achi |
| 102 | @aCN@b110000 | |
| 105 | @ay z 000yy | |
| 106 | @ar | |
| 200 | 1 | @a地方演艺团体运营管理研究@9di fang yan yi tuan ti yun ying guan li yan jiu@b专著@f车万里著 |
| 210 | @a北京@c航空工业出版社@d2017@h2019重印 | |
| 215 | @a165页@d24cm | |
| 330 | @a本书共五章,内容包括:地方演艺团体运营管理的基本概述、地方演艺团体运营管理的核心要素、地方演艺团体的运营现状与问题分析、地方演艺团体的广告策划与运营管理、地方演艺团体的人力资源运营管理。 | |
| 606 | 0 | @a艺术表演团体@x运营管理@x研究@y中国 |
| 690 | @aJ124-2@v5 | |
| 701 | 0 | @a车万里@9che wan li@4著 |
| 801 | 2 | @aCN@b上海新华@c20191020 |
| 905 | @b1177940-3@dJ124-2@e155@f4 | |
| 地方演艺团体运营管理研究/车万里著.-北京:航空工业出版社,2017(2019重印) |
| 165页;24cm |
| ISBN 978-7-5165-1397-2:CNY46.00 |
| 本书共五章,内容包括:地方演艺团体运营管理的基本概述、地方演艺团体运营管理的核心要素、地方演艺团体的运营现状与问题分析、地方演艺团体的广告策划与运营管理、地方演艺团体的人力资源运营管理。 |
| ● |
| 相关链接 |
|
|
|
|
正题名:地方演艺团体运营管理研究
索取号:J124-2/155
 
预约/预借
| 序号 | 登录号 | 条形码 | 馆藏地/架位号 | 状态 | 备注 |
| 1 | 1177940 | 211779404 | 第一样本阅览室/ [索取号:J124-2/155] | 在馆 | |
| 2 | 1177941 | 211779413 | 第一借阅区/ [索取号:J124-2/155] | 在馆 | |
| 3 | 1177942 | 211779422 | 第一借阅区/ [索取号:J124-2/155] | 在馆 | |
| 4 | 1177943 | 211779431 | 第一借阅区/ [索取号:J124-2/155] | 在馆 |